Central Library OPAC University of Rajshahi

The examination statutes : (Record no. 50615)

MARC details
000 -LEADER
fixed length control field 00901cas a2200265 a 4500
001 - CONTROL NUMBER
control field 50615
003 - CONTROL NUMBER IDENTIFIER
rucl marc code BD-RjUL
005 - DATE AND TIME OF LATEST TRANSACTION
control field 20211209075534.0
008 - FIXED-LENGTH DATA ELEMENTS--GENERAL INFORMATION
fixed length control field 160828d19521951enkar 0 a0eng
035 ## - SYSTEM CONTROL NUMBER
System control number (OCoLC)ocm05985530
System control number (BD-RjUL)50735
040 ## - CATALOGING SOURCE
Original cataloging agency DLC
Transcribing agency VA@
Modifying agency NYG
-- OCL
-- NST
-- OCL
-- ZCU
Language of cataloging eng
041 ## - LANGUAGE CODE
Language code of text/sound track or separate title eng
082 ## - DEWEY DECIMAL CLASSIFICATION NUMBER
Edition number 23
Classification number 378.42
Author mark and year EXA 1952
099 ## - LOCAL FREE-TEXT CALL NUMBER (OCLC)
Bangla Class number 378.42
-- OA15
110 2# - MAIN ENTRY--CORPORATE NAME
Corporate name or jurisdiction name as entry element University of Oxford.
9 (RLIN) 151562
245 14 - TITLE STATEMENT
Title The examination statutes :
Remainder of title together with the regulations of the Boards of Studies and Boards of Faculties /
260 ## - PUBLICATION, DISTRIBUTION, ETC. (IMPRINT)
Place of publication, distribution, etc. Oxford, England :
Name of publisher, distributor, etc. Clarendon Press,
Date of publication, distribution, etc. 1951 [printing 1952]
300 ## - PHYSICAL DESCRIPTION
Pagination 503 p. ;
Size 22 cm.
500 ## - GENERAL NOTE
General note Description based on: 1922/23.
650 #0 - SUBJECT ADDED ENTRY--TOPICAL TERM
Topical term or geographic name as entry element University of Oxford
Geographic subdivision Administration.
9 (RLIN) 151557
785 00 - SUCCEEDING ENTRY
Main entry heading University of Oxford.
Title Examination decrees
Record control number (OCoLC)17481862
942 ## - ADDED ENTRY ELEMENTS (KOHA)
Source of classification or shelving scheme Dewey Decimal Classification
Koha item type Books
Holdings
Lost status Source of classification or shelving scheme Damaged status Not for loan Collection code Permanent Location Current Location Shelving location Date acquired Source of acquisition Total Checkouts Full call number Date last seen Copy number Koha item type
  Dewey Decimal Classification     Non-fiction Central Library, University of Rajshahi Central Library, University of Rajshahi   04/03/1955 U. B. D. Raj.   378.42 EXA 1952 28/08/2016 C-2 Books